Bő termésre van kilátás a közigazgatási bizottság ülése

Elmentve itt :
Bibliográfiai részletek
Dokumentumtípus: Cikk
Megjelent: 1916-06-16
Sorozat:Délmagyarország 5 No. 140
Kulcsszavak:Terménybecslés mezőgazdasági Szeged 1916
Online Access:http://dmarchiv.bibl.u-szeged.hu/43429
LEADER 00467nab a2200145 i 4500
001 delm43429
005 20180927131956.0
008 180927s1916 hu o 0|| hun d
040 |a SZTE Délmagyarország Archívum  |b hun 
041 |a hun 
245 0 0 |a Bő termésre van kilátás   |h [elektronikus dokumentum] :  |b a közigazgatási bizottság ülése 
260 |c 1916-06-16 
300 |a 8 
490 0 |a Délmagyarország  |v 5 No. 140 
695 |a Terménybecslés mezőgazdasági Szeged 1916